[Event "IV Festival A"]
[Site "Verona ITA"]
[Date "1998.01.??"]
[Round "6"]
[White "Wohl, Aleksandar H."]
[Black "Sbarra, Marco"]
[Result "1-0"]
[WhiteElo "2440"]
[BlackElo "2245"]
[PlyCount "68"]
[EventDate "1998.01.02"]

1. Nf3 d6 2. c4 e5 3. Nc3 Nf6 4. g3 g6 5. Bg2 Bg7 6. O-O O-O 7. d3 Re8 8. Bg5
h6 9. Bxf6 Qxf6 10. Rb1 a5 11. a3 c6 12. b4 axb4 13. axb4 Nd7 14. b5 Nc5 15.
Nd2 Bd7 16. Nde4 Nxe4 17. Nxe4 Qe7 18. bxc6 bxc6 19. Rb7 Rab8 20. Qb3 Rxb7 21.
Qxb7 d5 22. cxd5 cxd5 23. Qxd5 Be6 24. Qa5 Rc8 25. Nc3 Qc7 26. Qxc7 Rxc7 27.
Nd5 Rc5 28. Ne3 Bf6 29. Rb1 Ra5 30. Bf3 Kg7 31. Kg2 Ra2 32. Rb7 Ra5 33. Nc4 Rc5
34. Nd6 Ra5 1-0

[Event "IX Festival Angelo Palmiotto A"]
[Site "Bologna ITA"]
[Date "1998.01.??"]
[Round "7"]
[White "Costantini, Roberto"]
[Black "Suppa, Ercole"]
[Result "1-0"]
[WhiteElo "2140"]
[BlackElo "2120"]
[PlyCount "69"]
[EventDate "1998.01.03"]

1. e4 e6 2. d4 d5 3. Nc3 Bb4 4. e5 c5 5. Bd2 Ne7 6. a3 Ba5 7. dxc5 Qc7 8. Nf3
Bxc3 9. Bxc3 Qxc5 10. Bd3 Bd7 11. O-O Nbc6 12. Re1 Ng6 13. Bd2 Rc8 14. b4 Qb6
15. Rb1 Qc7 16. Qe2 O-O 17. g3 f6 18. exf6 Rxf6 19. Bc3 Rff8 20. Ng5 d4 21. Qh5
h6 22. Qxg6 hxg5 23. Qh7+ Kf7 24. Qh5+ Ke7 25. Bd2 Be8 26. Bxg5+ Kd6 27. Qe2
Qf7 28. b5 Ne7 29. Qe5+ Kd7 30. Bf4 Rc3 31. Rb4 g5 32. Rxd4+ Nd5 33. Rxd5+ exd5
34. Qd6+ Kc8 35. Qb8+ 1-0

[Event "Open"]
[Site "Ciro' Marina ITA"]
[Date "1998.??.??"]
[Round "1"]
[White "Detter, Peter"]
[Black "Morais, Vitor"]
[Result "1-0"]
[WhiteElo "2190"]
[BlackElo "2110"]
[PlyCount "83"]
[EventDate "1998.??.??"]

1. c4 c5 2. Nf3 Nc6 3. Nc3 Nf6 4. g3 d5 5. cxd5 Nxd5 6. Bg2 Nc7 7. O-O e5 8. d3
Be7 9. Nd2 O-O 10. Nc4 f6 11. Qb3 Nd4 12. Qd1 Rb8 13. a4 b6 14. Be3 a6 15. Bxd4
exd4 16. Ne4 Be6 17. Ned2 Bd5 18. a5 b5 19. Nb6 Be6 20. Qc2 f5 21. Nb3 Bxb3 22.
Qxb3+ Kh8 23. Rac1 f4 24. Qa2 Bd6 25. Bf3 Rf6 26. Kg2 Rh6 27. Qf7 Qg5 28. b4
Rf8 29. Qd7 fxg3 30. hxg3 Ne6 31. Nd5 Rg6 32. Qxd6 Nf4+ 33. Qxf4 Rxf4 34. Nxf4
Qxf4 35. Rxc5 h6 36. Be4 Qg4 37. Rfc1 Kg8 38. Rc8+ Kf7 39. R1c7+ Kf6 40. Rc6+
Ke7 41. R8c7+ Kd8 42. Rxg6 1-0

[Event "Open"]
[Site "Ciro' Marina ITA"]
[Date "1998.??.??"]
[Round "1"]
[White "Ipsarides, Herodotos"]
[Black "Piacentini, Carlo"]
[Result "0-1"]
[WhiteElo "2200"]
[BlackElo "1650"]
[PlyCount "30"]
[EventDate "1998.??.??"]

1. d4 Nf6 2. Bg5 e6 3. e4 Be7 4. e5 Nd5 5. Bxe7 Qxe7 6. Qd2 d6 7. c4 Nb6 8. f4
dxe5 9. fxe5 Qh4+ 10. Qf2 Qe4+ 11. Be2 Nxc4 12. Nc3 Qe3 13. Nb5 Qd2+ 14. Kf1
Ne3+ 15. Qxe3 Qxe3 0-1

[Event "Open"]
[Site "Ciro' Marina ITA"]
[Date "1998.??.??"]
[Round "1"]
[White "Malachi, Avraham"]
[Black "Corvi, Marco"]
[Result "1-0"]
[WhiteElo "2245"]
[BlackElo "2320"]
[PlyCount "67"]
[EventDate "1998.??.??"]

1. e4 Nf6 2. e5 Nd5 3. c4 Nb6 4. d4 d6 5. f4 dxe5 6. fxe5 c5 7. d5 e6 8. Nc3
exd5 9. cxd5 c4 10. Nf3 Bg4 11. Bf4 Bb4 12. Bxc4 Bxc3+ 13. bxc3 Nxc4 14. Qa4+
Nd7 15. Qxc4 Bxf3 16. gxf3 Nb6 17. Qb5+ Qd7 18. Qxd7+ Kxd7 19. O-O-O Rhc8 20.
Kc2 Rc5 21. Be3 Ra5 22. Bxb6 Rxa2+ 23. Kd3 axb6 24. Rb1 Kc7 25. Rhg1 g6 26. Rg4
Rd8 27. d6+ Kc6 28. Rbb4 Kd5 29. f4 f6 30. Rxb6 Rxh2 31. Rb5+ Ke6 32. Rxb7 fxe5
33. fxe5 Rh3+ 34. Kc2 1-0

[Event "Open"]
[Site "Ciro' Marina ITA"]
[Date "1998.??.??"]
[Round "1"]
[White "Stuhlik, Marko"]
[Black "Rodrigues, Luis"]
[Result "1/2-1/2"]
[WhiteElo "2230"]
[BlackElo "2105"]
[PlyCount "127"]
[EventDate "1998.??.??"]

1. Nf3 c5 2. g3 Nc6 3. c4 g6 4. Nc3 Bg7 5. Bg2 e6 6. O-O Nge7 7. d3 O-O 8. Bd2
b6 9. Rb1 Bb7 10. a3 d5 11. b4 cxb4 12. axb4 Qd7 13. Na4 dxc4 14. dxc4 Rfd8 15.
Be3 Nf5 16. Qxd7 Rxd7 17. Bxb6 Rb8 18. Nc5 Re7 19. Ba5 Ba8 20. Rfd1 Nxa5 21.
bxa5 Rc8 22. Nd3 e5 23. g4 Bxf3 24. exf3 Nd4 25. Kf1 Rxc4 26. Rb8+ Bf8 27. f4
exf4 28. Nb2 Nc6 29. Rxf8+ Kxf8 30. Nxc4 Nb4 31. Bf3 Rc7 32. Nd6 Rc5 33. a6
Nxa6 34. Ra1 Nb4 35. Rxa7 Nd3 36. Rxf7+ Kg8 37. Re7 Rc1+ 38. Kg2 Ne1+ 39. Rxe1
Rxe1 40. g5 Kg7 41. Bg4 Re5 42. h4 Rd5 43. Ne4 Rd3 44. Nc5 Ra3 45. Ne6+ Kf7 46.
Nxf4 Ra4 47. Kg3 Ra1 48. h5 gxh5 49. Bxh5+ Kg7 50. Kg4 Rg1+ 51. Kf5 Rh1 52. Bg4
Ra1 53. Nh5+ Kf7 54. Nf4 Ra5+ 55. Ke4 Rxg5 56. f3 Ra5 57. Nh5 Kg6 58. Nf4+ Kf6
59. Nd5+ Kg5 60. Be6 Kg6 61. f4 h5 62. f5+ Kg5 63. f6 Rxd5 64. Bxd5 1/2-1/2

[Event "Open"]
[Site "Ciro' Marina ITA"]
[Date "1998.??.??"]
[Round "1"]
[White "Tassi, Oliviero"]
[Black "Sherf, Roni"]
[Result "1-0"]
[WhiteElo "2305"]
[BlackElo "2185"]
[PlyCount "79"]
[EventDate "1998.??.??"]

1. e4 c5 2. Nf3 Nc6 3. Nc3 d6 4. d4 cxd4 5. Nxd4 Nf6 6. Bg5 e6 7. Qd2 a6 8.
O-O-O Be7 9. f4 Bd7 10. Nf3 Qc7 11. e5 dxe5 12. fxe5 Nd5 13. Nxd5 exd5 14. Qxd5
Nb4 15. Qc4 Rc8 16. Bxe7 Qxc4 17. Bxc4 Kxe7 18. Bb3 Rc5 19. a3 Nc6 20. Bxf7 Bf5
21. Bb3 Na5 22. Ba4 b5 23. b4 Rc3 24. Nd4 Bg6 25. Kb2 Rhc8 26. Bb3 Nxb3 27.
cxb3 Re3 28. Rhe1 Rcc3 29. Rxe3 Rxe3 30. a4 Re4 31. Rd2 bxa4 32. bxa4 Be8 33.
b5 axb5 34. a5 Rxe5 35. a6 b4 36. Rd1 Ra5 37. Ra1 Ba4 38. Nc6+ Bxc6 39. Rxa5
Bxg2 40. Rg5 1-0

[Event "Open"]
[Site "Ciro' Marina ITA"]
[Date "1998.??.??"]
[Round "2"]
[White "Corvi, Marco"]
[Black "Stuhlik, Marko"]
[Result "1-0"]
[WhiteElo "2320"]
[BlackElo "2230"]
[PlyCount "65"]
[EventDate "1998.??.??"]

1. c4 c5 2. Nc3 Nc6 3. g3 g6 4. Bg2 Bg7 5. e4 a6 6. Nge2 Rb8 7. O-O d6 8. d3
Bd7 9. f4 Nd4 10. Nxd4 cxd4 11. Nb1 e5 12. Nd2 Qc8 13. fxe5 dxe5 14. b4 Nf6 15.
c5 Be6 16. Nc4 Bxc4 17. dxc4 O-O 18. Bg5 Qe6 19. Qd3 Nd7 20. h4 a5 21. a3 b6
22. cxb6 axb4 23. axb4 Rxb6 24. Bd2 Rfb8 25. c5 Rxb4 26. Bxb4 Rxb4 27. Ra8+ Bf8
28. Rc1 Rb3 29. Qc4 Qxc4 30. Rxc4 Rc3 31. c6 Nb6 32. Rxc3 dxc3 33. c7 1-0

[Event "Open"]
[Site "Ciro' Marina ITA"]
[Date "1998.??.??"]
[Round "2"]
[White "Detter, Peter"]
[Black "Fabiano, Giuseppe"]
[Result "0-1"]
[WhiteElo "2190"]
[BlackElo "2230"]
[PlyCount "84"]
[EventDate "1998.??.??"]

1. Nf3 Nf6 2. c4 e6 3. g3 b6 4. Bg2 Bb7 5. O-O Be7 6. b3 O-O 7. Bb2 d6 8. Nc3
Nbd7 9. d4 c5 10. e3 a6 11. Qe2 Re8 12. Rfd1 Bf8 13. a3 Qc7 14. Rac1 Rac8 15.
Ng5 Bxg2 16. Kxg2 cxd4 17. exd4 d5 18. cxd5 Qb7 19. Qf3 exd5 20. Nh3 Ne4 21.
Nf4 Ndf6 22. Rd3 Rcd8 23. Nh5 Rd6 24. Re3 Qd7 25. Nxe4 Nxe4 26. Qe2 Rh6 27. h4
Ree6 28. Nf4 Ref6 29. f3 Nxg3 30. Kxg3 Rxf4 31. Kxf4 Bd6+ 32. Re5 f6 33. Qxa6
fxe5+ 34. dxe5 Rxh4+ 35. Ke3 Bc5+ 36. Kd2 Rh2+ 37. Kd1 Rxb2 38. b4 Qf7 39. Rc3
d4 40. Rd3 Qa2 41. Qc8+ Bf8 42. Ke1 Rh2 0-1

[Event "Open"]
[Site "Ciro' Marina ITA"]
[Date "1998.??.??"]
[Round "2"]
[White "Malachi, Avraham"]
[Black "Sousa Reis, Luis"]
[Result "0-1"]
[WhiteElo "2245"]
[BlackElo "2225"]
[PlyCount "76"]
[EventDate "1998.??.??"]

1. e4 d5 2. exd5 Nf6 3. c4 c6 4. dxc6 Nxc6 5. Nc3 e5 6. d3 Bc5 7. Be3 Nd4 8.
Nf3 O-O 9. Be2 Bf5 10. Bxd4 exd4 11. Nb1 Nh5 12. O-O Nf4 13. Qd2 Qd6 14. Nh4
Bd7 15. g3 Nxe2+ 16. Qxe2 Bc6 17. Nd2 f5 18. Rae1 Rae8 19. Qd1 Rxe1 20. Rxe1
Bb4 21. a3 Bxd2 22. Qxd2 f4 23. Ng2 g5 24. h4 h6 25. hxg5 hxg5 26. b4 Qf6 27.
b5 Bf3 28. c5 Qf5 29. Qa2+ Bd5 30. g4 Qd7 31. Re7 Qxe7 32. Qxd5+ Kh7 33. Qxd4
Rc8 34. b6 axb6 35. cxb6 Qe6 36. f3 Rc2 37. Qd8 Rc1+ 38. Kh2 Qh6+ 0-1

[Event "Open"]
[Site "Ciro' Marina ITA"]
[Date "1998.??.??"]
[Round "2"]
[White "Nyysti, Sampsa"]
[Black "Georghiou, Antonis"]
[Result "1-0"]
[WhiteElo "2165"]
[BlackElo "2100"]
[PlyCount "99"]
[EventDate "1998.??.??"]

1. e4 e6 2. d3 d5 3. Qe2 Be7 4. Nf3 Nf6 5. g3 O-O 6. Bg2 dxe4 7. dxe4 Nc6 8.
O-O e5 9. Rd1 Qe8 10. h3 Bc5 11. c3 Qe7 12. b4 Bd6 13. Nbd2 Ne8 14. Nc4 b5 15.
Ne3 Rb8 16. Nd5 Qe6 17. Be3 h6 18. Nh4 a5 19. a4 axb4 20. axb5 Ne7 21. c4 c6
22. bxc6 Nxc6 23. Nf5 b3 24. c5 Be7 25. Bf1 Bd8 26. Rab1 Nc7 27. Qg4 Qg6 28.
Qxg6 fxg6 29. Nd6 Be6 30. Nc4 Nb5 31. Rxb3 Nbd4 32. Rxb8 Nf3+ 33. Kg2 Nxb8 34.
Be2 Nd4 35. Bxd4 exd4 36. Ne5 Kh7 37. Rxd4 Re8 38. Nf4 Bf6 39. Rd6 Bxh3+ 40.
Kxh3 Bxe5 41. Re6 Rxe6 42. Nxe6 Nc6 43. Nf8+ Kg8 44. Nxg6 Bd4 45. Bc4+ Kh7 46.
Nf8+ Kh8 47. Ne6 Bxf2 48. Bd5 Ne7 49. c6 g5 50. c7 1-0

[Event "Open"]
[Site "Ciro' Marina ITA"]
[Date "1998.??.??"]
[Round "2"]
[White "Penttinen, Jarkko"]
[Black "Antoniou, Antonis"]
[Result "1/2-1/2"]
[WhiteElo "2280"]
[BlackElo "2240"]
[PlyCount "85"]
[EventDate "1998.??.??"]

1. e4 e5 2. Nf3 Nc6 3. c3 Nf6 4. d4 exd4 5. e5 Nd5 6. cxd4 Bb4+ 7. Bd2 Bxd2+ 8.
Nbxd2 d6 9. Bb5 O-O 10. O-O dxe5 11. Bxc6 bxc6 12. Nxe5 Nf4 13. Ndf3 Qd5 14.
Qc2 Bb7 15. Qb3 Qxb3 16. axb3 Rfd8 17. Rfd1 Rd5 18. Nc4 Rb5 19. Re1 Ne6 20. Re3
h6 21. h3 c5 22. dxc5 Bxf3 23. Rxf3 Nd4 24. Rd3 Nxb3 25. Re1 Nxc5 26. Rd5 c6
27. Rd6 Rb4 28. Rc1 Rc8 29. f3 Ne6 30. Kh2 c5 31. Ra6 Rc7 32. Ra2 Rd7 33. Kg3
Rd4 34. Ne3 Rd3 35. Nf1 Rb7 36. Rc2 g6 37. Kf2 Kg7 38. Kg3 Rc7 39. Ra5 Rb7 40.
Ra2 h5 41. h4 Rbd7 42. Ra6 Rb3 43. Ra2 1/2-1/2

[Event "Open"]
[Site "Ciro' Marina ITA"]
[Date "1998.??.??"]
[Round "2"]
[White "Pilaj, Herwig"]
[Black "Tassi, Oliviero"]
[Result "1-0"]
[WhiteElo "2180"]
[BlackElo "2305"]
[PlyCount "90"]
[EventDate "1998.??.??"]

1. d4 Nf6 2. c4 c5 3. Nf3 cxd4 4. Nxd4 e6 5. Nc3 a6 6. g3 Qc7 7. Qd3 Nc6 8.
Nxc6 Qxc6 9. e4 b6 10. Bg2 Bb7 11. Bd2 Rc8 12. b3 Ba3 13. O-O O-O 14. Rad1 h6
15. Rfe1 Ng4 16. Qe2 f5 17. h3 Nf6 18. f4 Qc5+ 19. Be3 Qa5 20. Na4 Bxe4 21.
Bxb6 Qb4 22. Bxe4 fxe4 23. Bd4 d5 24. c5 Qb5 25. Qe3 Nd7 26. Nc3 Qc6 27. Na4
Qb5 28. Nc3 Qb8 29. Rf1 Bxc5 30. Kg2 Qb4 31. Ne2 Bxd4 32. Rxd4 Qb6 33. Qd2 Nf6
34. Rb4 Qa5 35. Nd4 e3 36. Qe1 Ne4 37. Ra4 Qb6 38. Qxe3 Rc3 39. Qe2 Rxg3+ 40.
Kh2 a5 41. Qb5 Qd6 42. Qc6 Qxc6 43. Nxc6 Rc3 44. Nxa5 Rc2+ 45. Kg1 Rf6 1-0

[Event "Open"]
[Site "Ciro' Marina ITA"]
[Date "1998.??.??"]
[Round "2"]
[White "Rodrigues, Luis"]
[Black "Sherf, Roni"]
[Result "1-0"]
[WhiteElo "2105"]
[BlackElo "2185"]
[PlyCount "57"]
[EventDate "1998.??.??"]

1. Nf3 f5 2. e4 fxe4 3. Ng5 Nf6 4. d3 e3 5. Bxe3 e5 6. d4 Nc6 7. d5 Ne7 8. d6
Ned5 9. Bc4 c6 10. O-O Bxd6 11. Nc3 Be7 12. Nxd5 Nxd5 13. h4 Bxg5 14. Bxg5 Nf6
15. Re1 d6 16. f4 Qb6+ 17. Kh1 d5 18. Rxe5+ Kf8 19. Qe1 Bg4 20. Bd3 Qc5 21. Qg3
h5 22. Rae1 Kf7 23. Re7+ Qxe7 24. Bg6+ Kf8 25. Rxe7 Kxe7 26. Qe3+ Kd7 27. Qe5
Rhf8 28. f5 Rad8 29. Bf4 1-0

[Event "Open"]
[Site "Ciro' Marina ITA"]
[Date "1998.??.??"]
[Round "2"]
[White "Schinis, Marios"]
[Black "Lampen, Timo"]
[Result "0-1"]
[WhiteElo "2210"]
[BlackElo "2270"]
[PlyCount "66"]
[EventDate "1998.??.??"]

1. d4 d5 2. Bf4 c6 3. e3 Qb6 4. Qc1 Bf5 5. Nf3 Nf6 6. Be2 Nbd7 7. O-O Nh5 8.
Be5 f6 9. Nh4 Bg6 10. Nxg6 hxg6 11. Bg3 Nxg3 12. fxg3 e6 13. c4 f5 14. Nc3 Nf6
15. c5 Qc7 16. b4 Be7 17. b5 Kf7 18. Rb1 Nd7 19. bxc6 bxc6 20. e4 Nxc5 21. exd5
exd5 22. Bf3 Ne6 23. Nxd5 cxd5 24. Bxd5 Qxc1 25. Rbxc1 Rad8 26. Bb3 Kf6 27.
Rfe1 Ng5 28. Rc7 Ne4 29. Rxa7 Rxd4 30. Rc1 Bc5 31. Rf7+ Kg5 32. h4+ Kh6 33. Kh2
Bd6 0-1

[Event "Open"]
[Site "Ciro' Marina ITA"]
[Date "1998.??.??"]
[Round "2"]
[White "Stefanelli, Luca"]
[Black "Genser, Harald"]
[Result "1/2-1/2"]
[WhiteElo "2270"]
[BlackElo "2135"]
[PlyCount "42"]
[EventDate "1998.??.??"]

1. e4 c5 2. Nf3 d6 3. d4 cxd4 4. Qxd4 Nc6 5. Bb5 Bd7 6. Bxc6 Bxc6 7. Nc3 Nf6 8.
Bg5 e6 9. O-O-O Be7 10. Kb1 O-O 11. Rhe1 Qa5 12. Qd2 Kh8 13. Nd4 Rac8 14. f3 a6
15. h4 b5 16. Nb3 Qc7 17. Bf4 b4 18. Ne2 e5 19. Bg5 a5 20. Ng3 Bd7 21. Nf5 Bxf5
1/2-1/2

[Event "Open"]
[Site "Ciro' Marina ITA"]
[Date "1998.??.??"]
[Round "3"]
[White "Antoniou, Antonis"]
[Black "Rodrigues, Luis"]
[Result "0-1"]
[WhiteElo "2240"]
[BlackElo "2105"]
[PlyCount "66"]
[EventDate "1998.??.??"]

1. e4 c6 2. d4 d5 3. Nc3 dxe4 4. Nxe4 Nd7 5. Ng5 e6 6. Bd3 Be7 7. N1f3 h6 8.
Nxe6 fxe6 9. Bg6+ Kf8 10. Qe2 Bf6 11. Bf4 Ne7 12. Bh5 Qa5+ 13. Nd2 Nb6 14. O-O
Nbd5 15. Bg3 Nf5 16. c3 Bd7 17. Ne4 Be7 18. Be5 Nf6 19. Bf3 Nxe4 20. Bxe4 Bf6
21. f4 h5 22. Rae1 Re8 23. g4 hxg4 24. Qxg4 Qd8 25. Rf2 Bxe5 26. fxe5 Qh4 27.
Qg2 Rh5 28. Qf3 Rg5+ 29. Kh1 Kg8 30. Rg1 Rf8 31. Rxg5 Qxg5 32. Rg2 Qh6 33. Rf2
Qc1+ 0-1

[Event "Open"]
[Site "Ciro' Marina ITA"]
[Date "1998.??.??"]
[Round "3"]
[White "Fabiano, Giuseppe"]
[Black "Nyysti, Sampsa"]
[Result "0-1"]
[WhiteElo "2230"]
[BlackElo "2165"]
[PlyCount "62"]
[EventDate "1998.??.??"]

1. Nf3 Nf6 2. c4 c5 3. Nc3 d5 4. cxd5 Nxd5 5. g3 Nc6 6. Bg2 Nc7 7. d3 e5 8. O-O
Be7 9. Nd2 Bd7 10. Nc4 f6 11. a4 O-O 12. f4 exf4 13. Bxf4 Ne6 14. Bd5 Kh8 15.
Bd6 Nc7 16. Bxc7 Qxc7 17. Rf4 f5 18. e3 Rac8 19. Qh5 g6 20. Qf3 g5 21. Nb5 Qb8
22. Qh5 gxf4 23. gxf4 Rf6 24. Kh1 Nb4 25. Bf7 Rf8 26. Ne5 Bc6+ 27. Kg1 Be8 28.
Bxe8 Qxe8 29. Qf3 Rg8+ 30. Kf1 Nc6 31. Nc7 Nxe5 0-1

[Event "Open"]
[Site "Ciro' Marina ITA"]
[Date "1998.??.??"]
[Round "3"]
[White "Georghiou, Antonis"]
[Black "Morais, Vitor"]
[Result "1-0"]
[WhiteElo "2100"]
[BlackElo "2110"]
[PlyCount "65"]
[EventDate "1998.??.??"]

1. d4 Nf6 2. c4 g6 3. Nc3 Bg7 4. e4 d6 5. Be2 c5 6. d5 O-O 7. g4 e6 8. g5 Ne8
9. h4 f6 10. h5 fxg5 11. hxg6 h6 12. Be3 Qf6 13. Qd2 Na6 14. O-O-O e5 15. Bh5
Nac7 16. Rf1 a6 17. Nf3 Qe7 18. Nxg5 hxg5 19. Bxg5 Nf6 20. Rfg1 Bd7 21. Rh4 Be8
22. Ne2 Bd7 23. Ng3 Qe8 24. Bh6 Qe7 25. Bg5 Qe8 26. f3 b5 27. Qh2 Rd8 28. Nf5
Bxf5 29. exf5 e4 30. f4 Qd7 31. Be2 Rfe8 32. Rh1 Kf8 33. Bxf6 1-0

[Event "Open"]
[Site "Ciro' Marina ITA"]
[Date "1998.??.??"]
[Round "3"]
[White "Keskisarja, Teemu"]
[Black "Corvi, Marco"]
[Result "1-0"]
[WhiteElo "2300"]
[BlackElo "2320"]
[PlyCount "63"]
[EventDate "1998.??.??"]

1. c4 f5 2. g3 Nf6 3. Bg2 d6 4. Nf3 g6 5. d4 Bg7 6. O-O O-O 7. Nc3 Nc6 8. d5
Na5 9. Qd3 c5 10. b3 a6 11. Bb2 Rb8 12. Rab1 Bd7 13. Nd2 b5 14. h3 Kh8 15. Kh2
Qe8 16. Ba1 Qf7 17. f4 Rb6 18. e4 Nxe4 19. Ncxe4 fxe4 20. Nxe4 Bxa1 21. Rxa1
Qg7 22. Qd2 Nb7 23. Rac1 bxc4 24. bxc4 Rb8 25. Rb1 Nd8 26. Qa5 Rb2 27. Qc7 Bf5
28. Rxb2 Qxb2 29. Qxe7 Nf7 30. Nxd6 Nxd6 31. Qxd6 Be4 32. Rf2 1-0

[Event "Open"]
[Site "Ciro' Marina ITA"]
[Date "1998.??.??"]
[Round "3"]
[White "Lampen, Timo"]
[Black "Stefanelli, Luca"]
[Result "1-0"]
[WhiteElo "2270"]
[BlackElo "2270"]
[PlyCount "43"]
[EventDate "1998.??.??"]

1. d4 d5 2. Nf3 Nf6 3. c4 e6 4. Nc3 Be7 5. cxd5 exd5 6. Qc2 c6 7. Bg5 O-O 8. e3
Nbd7 9. Bd3 Re8 10. h3 Nf8 11. O-O-O Be6 12. g4 b5 13. Rhg1 a5 14. Bxf6 Bxf6
15. g5 Be7 16. Ne5 Qc8 17. f4 f6 18. gxf6 Bxf6 19. f5 Bf7 20. Ng4 Nd7 21. Nxf6+
Nxf6 22. Qg2 1-0

[Event "Open"]
[Site "Ciro' Marina ITA"]
[Date "1998.??.??"]
[Round "3"]
[White "Piacentini, Carlo"]
[Black "Malachi, Avraham"]
[Result "1/2-1/2"]
[WhiteElo "1650"]
[BlackElo "2245"]
[PlyCount "74"]
[EventDate "1998.??.??"]

1. e4 e5 2. Nf3 Nc6 3. Nc3 Nf6 4. d4 exd4 5. Nxd4 Bc5 6. Nxc6 bxc6 7. Bd3 d6 8.
Bg5 h6 9. Bh4 g5 10. Bg3 h5 11. h4 Ng4 12. Qd2 Rg8 13. hxg5 Qxg5 14. Qxg5 Rxg5
15. Ke2 Ne5 16. Bxe5 dxe5 17. Rh2 Ke7 18. Rah1 Be6 19. b3 a5 20. a4 Rag8 21.
Kf1 Bg4 22. Nb1 Bb4 23. f3 Be6 24. Rxh5 Rxg2 25. Rxe5 Kd6 26. Reh5 Bc5 27. Nc3
Rf2+ 28. Ke1 Rxf3 29. e5+ Ke7 30. Ne4 Bd4 31. Kd2 Rg2+ 32. Kc1 Bxb3 33. Nd2 Be3
34. Kb2 Bxd2 35. Kxb3 Rf4 36. R1h4 Rgg4 37. Rxg4 Rxg4 1/2-1/2

[Event "Open"]
[Site "Ciro' Marina ITA"]
[Date "1998.??.??"]
[Round "3"]
[White "Sousa Reis, Luis"]
[Black "Ipsarides, Herodotos"]
[Result "0-1"]
[WhiteElo "2225"]
[BlackElo "2200"]
[PlyCount "93"]
[EventDate "1998.??.??"]

1. Nf3 Nf6 2. c4 g6 3. b4 Bg7 4. Bb2 O-O 5. e3 d6 6. Be2 e5 7. O-O a5 8. b5
Nbd7 9. Nc3 Re8 10. Rc1 c6 11. Qc2 Nf8 12. d4 e4 13. Nd2 Bf5 14. Qa4 Qc7 15.
Nb3 h5 16. c5 d5 17. b6 Qd7 18. Nxa5 N8h7 19. Nb5 Rf8 20. Nd6 Bg4 21. f3 exf3
22. gxf3 Bh3 23. Rf2 Bh6 24. Rc3 Bg5 25. Ra3 Bh4 26. Ndxb7 Qf5 27. Bf1 Qb1 28.
Qc2 Bxf2+ 29. Qxf2 Bxf1 30. Qxf1 Qxb2 31. Rd3 Ng5 32. h4 Ne6 33. Rd1 Ng7 34.
Rb1 Qa3 35. Nxc6 Qxe3+ 36. Qf2 Qd3 37. Rb3 Qd1+ 38. Qf1 Qc2 39. Nb4 Qd2 40. Qf2
Qd1+ 41. Kg2 Rfe8 42. Rb2 Nf5 43. c6 Ra3 44. Rd2 Nxh4+ 45. Kg3 Rxf3+ 46. Kxh4
Re4+ 47. Kg5 0-1

[Event "Open"]
[Site "Ciro' Marina ITA"]
[Date "1998.??.??"]
[Round "3"]
[White "Tassi, Oliviero"]
[Black "Penttinen, Jarkko"]
[Result "1-0"]
[WhiteElo "2305"]
[BlackElo "2280"]
[PlyCount "78"]
[EventDate "1998.??.??"]

1. e4 c5 2. Nf3 d6 3. d4 cxd4 4. Nxd4 Nf6 5. Nc3 a6 6. h3 g6 7. g4 Bg7 8. Bg2
O-O 9. Be3 Nbd7 10. g5 Nh5 11. Nf5 Be5 12. Nh6+ Kh8 13. Bf3 Ng7 14. h4 Bxc3+
15. bxc3 Qc7 16. h5 Qxc3+ 17. Bd2 Qc4 18. Rh4 Ne5 19. Be2 Qd4 20. Rb1 b5 21.
Rb3 Be6 22. Rg3 b4 23. f4 Nc4 24. Bxb4 Qxe4 25. Kf2 Ne3 26. Qd2 Nef5 27. Bf3
Qc4 28. Bxa8 Nxh4 29. Bf3 Rc8 30. Bd1 Qd5 31. Qxd5 Bxd5 32. Ra3 Nhf5 33. Bc3 f6
34. Nxf5 Nxf5 35. gxf6 exf6 36. Bxf6+ Kg8 37. hxg6 hxg6 38. Rxa6 Kf7 39. Bg5
Nd4 1-0

[Event "Open"]
[Site "Ciro' Marina ITA"]
[Date "1998.??.??"]
[Round "4"]
[White "Ipsarides, Herodotos"]
[Black "Malachi, Avraham"]
[Result "1-0"]
[WhiteElo "2200"]
[BlackElo "2245"]
[PlyCount "107"]
[EventDate "1998.??.??"]

1. d4 Nf6 2. c4 g6 3. Nc3 Bg7 4. e4 d6 5. Nf3 O-O 6. Be2 e5 7. dxe5 dxe5 8.
Qxd8 Rxd8 9. Bg5 Re8 10. Nd5 Nxd5 11. cxd5 c6 12. Bc4 cxd5 13. Bxd5 Na6 14.
O-O-O Nc7 15. Bb3 Be6 16. Bxe6 Nxe6 17. Be3 f5 18. Kb1 f4 19. Bc1 Nc5 20. Rhe1
Rad8 21. Rxd8 Rxd8 22. Ng1 Bf6 23. f3 Bh4 24. Rf1 Nd3 25. Ne2 Bf2 26. Rd1 Bb6
27. a3 Kf7 28. Kc2 Nxc1 29. Rxc1 Be3 30. Rd1 Rxd1 31. Kxd1 Ke6 32. Kc2 h5 33.
Kd3 g5 34. h3 b5 35. b3 Bc5 36. a4 bxa4 37. bxa4 Ba3 38. Nc3 Kf6 39. Kc4 g4 40.
hxg4 hxg4 41. Nb5 Bc1 42. Nxa7 Kg5 43. Nc6 Bb2 44. a5 Kh4 45. a6 Kg3 46. fxg4
Kxg2 47. a7 f3 48. a8=Q f2 49. Qf8 f1=Q+ 50. Qxf1+ Kxf1 51. g5 Bc1 52. g6 Bh6
53. Kd5 Kg2 54. Ne7 1-0

[Event "Open"]
[Site "Ciro' Marina ITA"]
[Date "1998.??.??"]
[Round "4"]
[White "Nyysti, Sampsa"]
[Black "Genser, Harald"]
[Result "0-1"]
[WhiteElo "2165"]
[BlackElo "2135"]
[PlyCount "120"]
[EventDate "1998.??.??"]

1. e4 c5 2. Nc3 Nc6 3. f4 g6 4. Nf3 Bg7 5. Bb5 Nd4 6. Bd3 d6 7. Nxd4 cxd4 8.
Ne2 e6 9. O-O Ne7 10. c3 dxc3 11. bxc3 O-O 12. Ba3 Qc7 13. Rb1 a6 14. Qa4 b5
15. Qb4 Qb6+ 16. Nd4 Nc6 17. Qxd6 Rd8 18. Qc5 Qxc5 19. Bxc5 Nxd4 20. Bxd4 Bxd4+
21. cxd4 Rxd4 22. Rb3 Bb7 23. Re1 Rad8 24. Re3 Ra4 25. a3 Rdd4 26. f5 Bxe4 27.
f6 Bxd3 28. Rbxd3 h6 29. Rxd4 Rxd4 30. Rc3 Rf4 31. Rc8+ Kh7 32. Ra8 Rxf6 33.
Rxa6 Rf5 34. a4 bxa4 35. Rxa4 Kg7 36. Rc4 h5 37. g3 Kf6 38. Kg2 Ke7 39. h3 Kd6
40. g4 hxg4 41. hxg4 Rf6 42. Ra4 Kd5 43. Ra7 Ke4 44. Rd7 Rf4 45. Kg3 f5 46.
gxf5 gxf5 47. Rd6 Rf3+ 48. Kg2 e5 49. Ra6 Rd3 50. Ra2 Kf4 51. Kf2 e4 52. Kg2
Kg4 53. Kf2 f4 54. Kg2 Rg3+ 55. Kf2 Rh3 56. Ra4 Kf5 57. Ra5+ Ke6 58. Ra6+ Kf5
59. Ra5+ Kg4 60. Re5 Rh2+ 0-1

[Event "Open"]
[Site "Ciro' Marina ITA"]
[Date "1998.??.??"]
[Round "4"]
[White "Piacentini, Carlo"]
[Black "Corvi, Marco"]
[Result "1-0"]
[WhiteElo "1650"]
[BlackElo "2320"]
[PlyCount "71"]
[EventDate "1998.??.??"]

1. e4 Nf6 2. e5 Nd5 3. d4 d6 4. Nf3 Bg4 5. Bc4 e6 6. h3 Bh5 7. exd6 Bxd6 8. O-O
O-O 9. Nbd2 Nc6 10. c3 Nb6 11. Be2 Bg6 12. Re1 Re8 13. Nc4 Nxc4 14. Bxc4 h6 15.
Bb5 a6 16. Bxc6 bxc6 17. Ne5 Bxe5 18. Rxe5 Rb8 19. b3 Rb5 20. Bf4 f6 21. Re1
Rf5 22. Qg4 Kf7 23. Qg3 Qd5 24. Rad1 Bh5 25. Rd2 Re7 26. Qe3 g5 27. Bh2 Bg6 28.
c4 Qa5 29. f4 gxf4 30. Bxf4 c5 31. d5 e5 32. Bxh6 Re8 33. g4 Rg5 34. Bxg5 fxg5
35. Qxg5 e4 36. Rf1+ 1-0

[Event "Open"]
[Site "Ciro' Marina ITA"]
[Date "1998.??.??"]
[Round "4"]
[White "Pilaj, Herwig"]
[Black "Lampen, Timo"]
[Result "0-1"]
[WhiteElo "2180"]
[BlackElo "2270"]
[PlyCount "126"]
[EventDate "1998.??.??"]

1. e4 c5 2. Nc3 Nc6 3. f4 g6 4. Nf3 Bg7 5. Bb5 b6 6. O-O Bb7 7. d3 e6 8. e5 d5
9. exd6 Qxd6 10. Ne4 Qc7 11. Qe1 a6 12. Ba4 Nge7 13. Ne5 O-O 14. Qh4 Nf5 15.
Nf6+ Bxf6 16. Qxf6 b5 17. Bb3 Qd8 18. Ng4 h5 19. Qxd8 Nxd8 20. Nf6+ Kg7 21. Nd7
c4 22. dxc4 Re8 23. Bd2 Nc6 24. Bc3+ Kh6 25. Nf6 Red8 26. cxb5 axb5 27. g4 Nfd4
28. Rf2 b4 29. Bd2 Nf3+ 30. Rxf3 Rxd2 31. g5+ Kg7 32. Ne4 Re2 33. Ng3 Rd2 34.
Ne4 Rd4 35. Nc5 Bc8 36. Re1 Ra5 37. Nd3 Bb7 38. Rfe3 Ba6 39. Ne5 Nxe5 40. fxe5
Rg4+ 41. Rg3 Rf4 42. c3 h4 43. cxb4 Rxb4 44. Rc3 Rg4+ 45. Kf2 Rxg5 46. Rc7 Rf5+
47. Kg1 Raxe5 48. Rxe5 Rxe5 49. Bc4 Re1+ 50. Kf2 Rc1 51. b3 Rc2+ 52. Kf3 Bxc4
53. Rxc4 Rxa2 54. Rxh4 Rb2 55. b4 f5 56. h3 Kf6 57. Rc4 Rb3+ 58. Kg2 g5 59. Rd4
f4 60. h4 e5 61. hxg5+ Kxg5 62. Rd5 Kf5 63. Rb5 Ke4 0-1